[Event "IM Marmaris Karia VIII 2019"]
[Site "Marmaris"]
[Date "2019.07.28"]
[Round "6.2"]
[White "Benidze, Davit"]
[Black "Abdulla, Khayala"]
[Result "1-0"]
[WhiteElo "2469"]
[BlackElo "2283"]
[Annotator "TA"]
[PlyCount "65"]
[EventDate "2019.07.29"]
[EventType "schev"]
[EventCountry "TUR"]
[SourceTitle "playchess.com"]
[Source "ChessBase"]
[SourceQuality "1"]

{[%evp 13,65,-7,11,-19,-18,-33,-25,-37,-40,-40,-29,-46,-51,-59,-49,-56,-44,-69,-66,-227,-241,-229,-232,-183,-117,-229,-223,-233,-222,-444,-354,-335,-153,-242,0,0,618,601,690,514,499,476,1966,1936,29973,29975,29975,29976,29975,29976,29986,29987,29987,29977]} 1. Nf3 c5 2. e4 e6 3. d3 Nc6 4. g3 g6 5. Bg2 Bg7 6. O-O Nge7 7. Nc3 d5 8. Re1 {B24: Closed Sicilian: 3 g3 sidelines} (8. exd5 exd5 9. Bf4 O-O 10. Qd2 b6 11. Rae1 Bb7 12. Nb5 Nf5 13. g4 Ncd4 14. Nfxd4 Nxd4 15. Nd6 Bc6 16. c3 Ne6 17. c4 Nxf4 18. Qxf4 Qc7 19. cxd5 Bb5 20. Qg3 Bxd3 21. Qxd3 Qxd6 22. b3 {½-½ (22) Vajda,L (2556)-Zhou,Y (2464) Sunny Beach 2014}) 8... d4 9. Na4 b6 $146 ({Predecessor:} 9... Qd6 10. c4 O-O 11. a3 e5 12. Bd2 b6 13. Rb1 Bg4 14. h3 Bd7 15. b4 f5 16. bxc5 bxc5 {0-1 (33) Butala,M (1986)-Jelen,I (2379) Slovenia 2017}) 10. e5 {Black has an edge.} Qc7 11. c4 Bb7 12. Qe2 h6 13. h4 g5 14. hxg5 hxg5 15. Bxg5 Ng6 16. Bf6 $2 (16. Nd2 $15) 16... Bxf6 $19 17. exf6 O-O-O $1 18. Ng5 Nce5 ({Black should play} 18... Kb8 $1 $19 19. Ne4 Rdg8) 19. f4 (19. b4 $17 Bxg2 20. Kxg2) 19... Bxg2 20. Qxg2 Nxd3 {White must now prevent ...Ngxf4.} 21. Qa8+ $2 (21. Rxe6 {is a better defense.} fxe6 22. Nxe6) 21... Kd7 22. Qe4 {[%cal Rg5e6] Nxe6 is the strong threat.} Nxe1 (22... Ngxf4 $1 $19 23. Nxf7 (23. gxf4 $2 Rdg8 $19) 23... Rhg8) 23. Nxf7 {[#]} (23. Rxe1 $17 Rdf8 24. b4 {[%mdl 64] Remove Defender}) 23... Nc2 $2 (23... Nd3 $1 $19 24. Nxh8 (24. Qxd3 Qc6) 24... Ngxf4 25. gxf4 Rxh8) 24. Nxh8 $40 {[%mdl 128] Black needs to defend precisely.} Nxa1 $4 {[%mdl 8192]} (24... Nxf4 $11 25. gxf4 Rxh8 26. Qxc2 Qxf4) 25. Nxg6 $18 d3 26. Qxd3+ Ke8 27. Qe4 Kf7 (27... Rd1+ $142 28. Kg2 Qh7 29. Qxe6+ Kd8) 28. Ne5+ Kf8 29. Qg6 {White mates.} Rd1+ 30. Kf2 Rd2+ 31. Kf3 Rd7 32. Qh6+ Kg8 33. Qh5 {Accuracy: White = 41%, Black = 45%.} 1-0

[Event "IM Marmaris Karia VIII 2019"]
[Site "Marmaris"]
[Date "2019.07.28"]
[Round "6.3"]
[White "Sibashvili, Giorgi"]
[Black "Karaoglan, Doruk"]
[Result "1-0"]
[WhiteElo "2389"]
[BlackElo "2278"]
[Annotator "NA"]
[PlyCount "51"]
[EventDate "2019.07.29"]
[EventType "schev"]
[EventCountry "TUR"]
[SourceTitle "playchess.com"]
[Source "ChessBase"]
[SourceQuality "1"]
[TimeControl "5400+30"]

1. d4 {[%emt 0:07:30]} Nf6 {[%emt 0:00:30]} 2. c4 {[%emt 0:01:30]} g6 {[%emt 0:00:00]} 3. Nc3 {[%emt 0:02:30]} Bg7 {[%emt 0:00:00]} 4. e4 {[%emt 0:00:00]} d6 {[%emt 0:00:00]} 5. f4 {[%emt 0:00:00]} c5 {[%emt 0:02:00]} 6. d5 {[%emt 0:00:30]} e6 {[%emt 0:01:30]} 7. Nf3 {[%emt 0:00:30]} exd5 {[%emt 0:00:30]} 8. cxd5 {[%emt 0:00:30]} O-O {[%emt 0:02:30]} 9. Be2 {[%emt 0:04:30]} Re8 {[%emt 0:07:30]} 10. e5 {[%emt 0:01:30]} dxe5 {[%emt 0:08:30]} 11. fxe5 {[%emt 0:00:30]} Ng4 {[%emt 0:03:30]} 12. e6 {[%emt 0:00:00]} Ne5 {[%emt 0:13:30]} 13. Nxe5 {[%emt 0:13:00]} Bxe5 {[%emt 0:00:30]} 14. exf7+ {[%emt 0:00:30]} Kxf7 {[%emt 0:00:30]} 15. O-O+ {[%emt 0:00:30]} Kg7 {[%emt 0:08:30]} 16. Bf4 {[%emt 0:04:30]} Bd4+ {[%emt 0:06:30]} 17. Kh1 {[%emt 0:00:30]} a6 {[%emt 0:00:30]} 18. Qd2 {[%emt 0:02:30]} Nd7 {[%emt 0:17:30]} 19. Bh6+ {[%emt 0:14:30]} Kg8 {[%emt 0:08:32]} 20. Bg5 {[%emt 0:17:30]} Qb6 {[%emt 0:13:07]} 21. d6 {[%emt 0:01:30]} Qxd6 {[%emt 0:01:12]} 22. Bc4+ {[%emt 0:00:30]} Kh8 {[%emt 0:00:30]} 23. Bf7 {[%emt 0:00:30]} Rf8 {[%emt 0:00:30]} 24. Rae1 {[%emt 0:00:30]} Rxf7 {[%emt 0:00:30]} 25. Rxf7 {[%emt 0:00:30]} Ne5 {[%emt 0:03:30]} 26. Bf6+ {[%emt 0:00:30]} 1-0

[Event "IM Marmaris Karia VIII 2019"]
[Site "Marmaris"]
[Date "2019.07.28"]
[Round "6.4"]
[White "Odeev, Handszar"]
[Black "Yazici, Ugur Doga"]
[Result "1-0"]
[WhiteElo "2360"]
[BlackElo "2143"]
[Annotator "TA"]
[PlyCount "83"]
[EventDate "2019.07.29"]
[EventType "schev"]
[EventCountry "TUR"]
[SourceTitle "playchess.com"]
[Source "ChessBase"]
[SourceQuality "1"]

{[%evp 16,83,19,14,14,14,15,9,18,0,0,-12,0,0,-18,-9,-11,-14,0,-28,0,8,23,35,7,8,27,24,44,47,45,58,25,0,20,0,17,-33,72,93,147,91,86,105,204,180,283,110,329,141,915,908,915,893,802,605,748,748,743,742,731,670,29986,29987,29990,29991,29991,1241,1166,1154]} 1. e4 e5 2. Nf3 Nc6 3. Bc4 Nf6 4. d3 Be7 5. Bb3 O-O 6. O-O d6 7. c3 Na5 8. Bc2 c5 9. h3 Nc6 {C55: Two Knights: 4 d3, 4 d4 exd4 5 e5 and Max Lange Attack} 10. Re1 Re8 (10... Qc7 11. Nbd2 Be6 12. Nf1 Nd7 13. Ng5 Bxg5 14. Bxg5 d5 15. exd5 Bxd5 16. Ne3 Be6 17. Qh5 Rfe8 18. b4 Nf8 19. bxc5 Qa5 20. d4 exd4 21. cxd4 Nxd4 22. Bf4 Nxc2 23. Nxc2 Qa4 {0-1 (23) Bortnyk,O (2588)-Wang,H (2712) Abu Dhabi 2016}) 11. Nbd2 h6 {The position is equal.} 12. Nf1 Bf8 13. d4 exd4 14. cxd4 d5 {[%cal Rd5e4]} 15. e5 Ne4 $1 16. dxc5 Nxc5 17. Bd2 $146 ({Predecessor:} 17. Ng3 d4 18. b3 d3 {0-1 (51) Ding,J (2179)-Ghosh,D (2341) Caldas Novas 2011}) 17... a5 18. Bc3 b5 19. Nd4 Nxd4 20. Bxd4 Ba6 21. Ne3 Rc8 22. Bxc5 Rxc5 23. Qd3 {[%csl Gc2][%cal Rd3h7]} g6 24. Ng4 $36 {[%mdl 2048] Strongly threatening Nf6+. White has the initiative.} Re6 25. f4 b4 26. Qd2 Rc4 (26... h5 $1 $15 {stays ahead.} 27. Nf6+ Rxf6 28. exf6 Qxf6) 27. f5 Rec6 (27... Rb6 $142) 28. Nf6+ (28. Ba4 $142 $1) 28... Kg7 29. Ba4 Rd4 {[#]} (29... Rxf6 $16 30. exf6+ Qxf6) 30. Qf2 $1 $18 ({Not} 30. Qxd4 Bc5 $11) 30... Rcc4 (30... Rdc4 {keeps fighting.}) 31. Ne8+ $2 (31. fxg6 $18 {and White stays clearly on top.} Bc5 32. Kh1 fxg6 33. Qg3) 31... Kg8 $2 (31... Kh8 $16 {was called for.}) 32. e6 (32. fxg6 $18 {and the rest is easy.} fxg6 33. Nf6+ Kh8 34. b3) 32... Re4 $2 {[%mdl 8192]} (32... fxe6 $16 33. Rxe6 {[%mdl 64] Double Attack} Bc5) 33. exf7+ Kh7 34. fxg6+ Kxg6 35. Kh1 Bc8 36. Bc2 Rxc2 37. Qxc2 Bf5 38. Qc6+ Kxf7 {White should prevent ...Qxe8.} 39. Rxe4 Bxe4 40. Rf1+ Ke7 41. Qf6+ (41. Nc7 $142 Qxc7 42. Qxc7+ Ke6 43. Rxf8 Bg6 {[#]} 44. Qg7 $1 {[%mdl 512]} d4 45. Rf6+ {[%mdl 64] Double Attack} Kd5 46. Qb7+ Ke5 47. Qe7+ Kd5 48. Qe6+ Kc5 49. Qc6#) 41... Kd7 42. Qxf8 {Accuracy: White = 43%, Black = 29%.} 1-0

[Event "IM Marmaris Karia VIII 2019"]
[Site "Marmaris"]
[Date "2019.07.28"]
[Round "6.5"]
[White "Rzayev, Bahruz"]
[Black "Caputcuoglu, Zeki Berke"]
[Result "1-0"]
[WhiteElo "2340"]
[BlackElo "2010"]
[Annotator "TA"]
[PlyCount "117"]
[EventDate "2019.07.29"]
[EventType "schev"]
[EventCountry "TUR"]
[SourceTitle "playchess.com"]
[Source "ChessBase"]
[SourceQuality "1"]

{[%evp 22,117,0,-13,-12,-24,-19,-22,2,0,0,0,54,48,48,-25,16,-11,46,-26,0,-8,-16,-72,60,-28,-16,-87,-71,-57,-62,-52,-62,-112,-103,-151,-67,-65,-75,-55,-48,-329,-56,-70,-75,-64,-17,-17,-22,-17,-16,-14,-14,-29,-14,-26,0,-4,0,0,0,0,0,0,0,-45,0,-129,-27,-27,-19,-8,-8,-6,13,13,14,13,14,14,15,22,209,209,209,209,209,209,209,209,223,210,508,474,677,639,5110,5106]} 1. e4 c5 2. Nf3 e6 3. d4 cxd4 4. Nxd4 a6 5. Nc3 b5 6. Bd3 Qb6 7. Nb3 Qc7 8. Be3 Bb7 9. O-O Nf6 10. a3 {[%cal Ba2a3,Ba3a4][%mdl 32]} d6 11. f4 Nbd7 12. Qe2 Be7 {B43: Sicilian: Kan Variation: 5 Nc3} (12... Nc5 13. Nxc5 dxc5 14. e5 c4 15. exf6 cxd3 16. cxd3 gxf6 17. f5 Rg8 18. Ne4 Qe5 19. fxe6 Bxe4 20. exf7+ Kxf7 21. dxe4 {1-0 (38) Bodnaruk,A (2475)-Galliamova,A (2475) Sochi 2016}) 13. Bd4 e5 14. fxe5 $146 ({Predecessor:} 14. Be3 O-O 15. f5 d5 16. exd5 Nxd5 17. Nxd5 Bxd5 18. Nd2 {0-1 (76) Corvalao,E (1870)-Dias,A (2172) Florianopolis 2017}) 14... Nxe5 {The position is equal.} 15. a4 b4 16. Na2 Nxd3 (16... Nc6 $11) 17. cxd3 $14 a5 18. Qe3 (18. Rf5 $14) 18... Qd7 19. Bb6 Qxa4 (19... O-O $11) 20. Nac1 ({White should play} 20. Nd4 $14) 20... Qd7 21. Rxa5 O-O 22. Raf5 (22. Rxa8 $11 Rxa8 23. h3) 22... Rac8 (22... Ng4 $1 $17 {[%cal Rg4e3]} 23. Qg3 Ne5) 23. Bd4 (23. Rxf6 $14 gxf6 24. Nd4) 23... Ng4 $1 $11 {[%cal Rg4e3]} 24. Qd2 (24. Qg3 $11 {remains equal.} Ne5 25. Bxe5 dxe5 26. Qxe5) 24... Ne5 25. Qxb4 g6 26. R5f2 Bg5 27. Qe1 Ba6 28. Be3 Bxe3 ({Black should try} 28... Bh4 $1 $17 {[%cal Rh4f2]} 29. g3 Bd8) 29. Qxe3 $15 Ng4 {[%mdl 64] Double Attack} 30. Qh3 h5 31. Rd2 $2 {[%mdl 8192]} (31. Rf4 $15) 31... d5 $2 (31... f5 $1 $19 32. exf5 Rxf5 33. Rxf5 Qxf5) 32. exd5 Rfe8 33. Qg3 Qxd5 {Hoping for ...Bb7.} 34. h3 Ne3 35. Re1 Nf5 36. Rxe8+ Rxe8 37. Qf2 Bb7 {White should prevent ...Re3.} 38. Nc5 $1 Ba8 39. Ne4 Kg7 40. Ne2 Qe5 41. N4g3 Ne3 42. Ne4 Nf5 43. Ng5 h4 44. d4 (44. Nc3 $11 {keeps the balance.}) 44... Qa5 (44... Qf6 $1 $17 {[%cal Rf6g5]} 45. Nf3 Bxf3 46. Qxf3 Re3) 45. Nc3 $11 f6 46. Nf3 $132 {[%mdl 2048] White is not holding back} Bxf3 47. gxf3 Ne3 48. Re2 {Strongly threatening f4.} Qg5+ 49. Kh1 {Threatens to win with f4.} Qf4 $1 {[#]} 50. Nd5 $1 {[%mdl 512]} Nxd5 51. Rxe8 {[%mdl 4096] Endgame And now Re4 would win. KQR-KQN} Qc1+ $2 (51... g5 $11 {and Black is okay.}) 52. Re1 $1 $18 {[%cal Re1c1]} Qf4 53. Re4 $1 {[%cal Re4f4]} Qc1+ {[#]} 54. Qe1 $1 {[%cal Re1c1]} Qxb2 55. Qxh4 g5 56. Qg3 {h4 is the strong threat.} Nf4 $2 {[#]} (56... Qa1+ 57. Qe1 Qa3) 57. h4 $1 {Black must now prevent Rxf4.White is clearly winning.} Qb1+ (57... Nd3 $142 58. Re7+ Kf8) 58. Qg1 Qd3 59. Rxf4 {Accuracy: White = 45%, Black = 35%.} 1-0

[Event "IM Marmaris Karia VIII 2019"]
[Site "Marmaris"]
[Date "2019.07.29"]
[Round "7.1"]
[White "Dedebas, Emre Emin"]
[Black "Benidze, Davit"]
[Result "1/2-1/2"]
[WhiteElo "2301"]
[BlackElo "2469"]
[Annotator "ChessBase"]
[PlyCount "60"]
[EventDate "2019.07.29"]
[EventType "schev"]
[EventCountry "TUR"]
[SourceTitle "playchess.com"]
[Source "ChessBase"]
[SourceQuality "1"]
[TimeControl "5400+30"]

1. d4 {[%emt 0:00:30]} Nf6 {[%emt 0:00:30]} 2. Nf3 {[%emt 0:00:00]} g6 {[%emt 0:00:30]} 3. Nc3 {[%emt 0:00:00]} d5 {[%emt 0:01:30]} 4. Bf4 {[%emt 0:00:30]} Bg7 {[%emt 0:00:00]} 5. e3 {[%emt 0:00:00]} O-O {[%emt 0:01:00]} 6. Be2 {[%emt 0:02:00]} Bg4 {[%emt 0:06:30]} 7. h3 {[%emt 0:00:30]} Bxf3 {[%emt 0:00:30]} 8. Bxf3 {[%emt 0:00:30]} c6 {[%emt 0:00:30]} 9. O-O {[%emt 0:00:30]} Nbd7 {[%emt 0:00:30]} 10. e4 {[%emt 0:00:30]} dxe4 {[%emt 0:00:30]} 11. Nxe4 {[%emt 0:00:30]} Nxe4 {[%emt 0:00:30]} 12. Bxe4 {[%emt 0:00:30]} e5 {[%emt 0:00:30]} 13. dxe5 {[%emt 0:00:30]} Nxe5 {[%emt 0:00:30]} 14. c3 {[%emt 0:00:00]} Qxd1 {[%emt 0:00:00]} 15. Raxd1 {[%emt 0:00:00]} Rad8 {[%emt 0:00:00]} 16. Bc2 {[%emt 0:00:00]} Bf6 {[%emt 0:00:00]} 17. Bxe5 {[%emt 0:00:00]} Bxe5 {[%emt 0:00:00]} 18. Rxd8 {[%emt 0:00:00]} Rxd8 {[%emt 0:00:00]} 19. Rd1 {[%emt 0:00:00]} Rxd1+ {[%emt 0:00:00]} 20. Bxd1 {[%emt 0:00:00]} Kf8 {[%emt 0:00:00]} 21. Kf1 {[%emt 0:00:00]} Ke7 {[%emt 0:00:00]} 22. Ke2 {[%emt 0:00:00]} Bc7 {[%emt 0:00:00]} 23. Kd3 {[%emt 0:00:00]} Bb6 {[%emt 0:00:00]} 24. f3 {[%emt 0:00:30]} Bc7 {[%emt 0:00:00]} 25. a4 {[%emt 0:00:00]} a5 {[%emt 0:00:00]} 26. Bb3 {[%emt 0:00:00]} f5 {[%emt 0:00:00]} 27. Bc4 {[%emt 0:00:00]} h6 {[%emt 0:00:00]} 28. b4 {[%emt 0:00:00]} Kf6 {[%emt 0:00:00]} 29. b5 {[%emt 0:00:30]} cxb5 {[%emt 0:00:00]} 30. Bxb5 {[%emt 0:00:00]} Bd6 {[%emt 0:00:00]} 1/2-1/2

[Event "IM Marmaris Karia VIII 2019"]
[Site "Marmaris"]
[Date "2019.07.29"]
[Round "7.3"]
[White "Karaoglan, Doruk"]
[Black "Odeev, Handszar"]
[Result "1-0"]
[WhiteElo "2278"]
[BlackElo "2360"]
[Annotator "NA"]
[PlyCount "89"]
[EventDate "2019.07.29"]
[EventType "schev"]
[EventCountry "TUR"]
[SourceTitle "playchess.com"]
[Source "ChessBase"]
[SourceQuality "1"]
[TimeControl "5400+30"]

1. e4 {[%emt 0:00:30]} c5 {[%emt 0:17:30]} 2. Nc3 {[%emt 0:00:00]} d6 {[%emt 0:03:30]} 3. g3 {[%emt 0:00:00]} g6 {[%emt 0:00:30]} 4. Bg2 {[%emt 0:00:00]} Bg7 {[%emt 0:00:30]} 5. d3 {[%emt 0:00:00]} Nc6 {[%emt 0:01:30]} 6. f4 {[%emt 0:00:00]} e6 {[%emt 0:00:30]} 7. Nf3 {[%emt 0:00:00]} Nge7 {[%emt 0:00:00]} 8. O-O {[%emt 0:00:30]} O-O {[%emt 0:00:00]} 9. Be3 {[%emt 0:00:00]} b6 {[%emt 0:00:00]} 10. Bf2 {[%emt 0:00:00]} e5 {[%emt 0:03:00]} 11. fxe5 {[%emt 0:21:30]} dxe5 {[%emt 0:00:30]} 12. Nd5 {[%emt 0:04:30]} Nxd5 {[%emt 0:33:30]} 13. exd5 {[%emt 0:00:30]} Nd4 {[%emt 0:00:00]} 14. c3 {[%emt 0:13:30]} Nxf3+ {[%emt 0:00:00]} 15. Qxf3 {[%emt 0:01:30]} f5 {[%emt 0:02:30]} 16. Rfe1 {[%emt 0:17:30]} Qd6 {[%emt 0:01:30]} 17. Qe2 {[%emt 0:01:30]} Bd7 {[%emt 0:00:30]} 18. Rab1 {[%emt 0:02:30]} Rae8 {[%emt 0:03:30]} 19. c4 {[%emt 0:01:30]} a5 {[%emt 0:14:22]} 20. b3 {[%emt 0:02:30]} h5 {[%emt 0:01:19]} 21. a3 {[%emt 0:10:30]} e4 {[%emt 0:04:37]} 22. dxe4 {[%emt 0:01:30]} fxe4 {[%emt 0:00:02]} 23. Be3 {[%emt 0:01:30]} Bg4 {[%emt 0:02:02]} 24. Qd2 {[%emt 0:01:04]} Be5 {[%emt 0:01:17]} 25. b4 {[%emt 0:04:31]} axb4 {[%emt 0:00:22]} 26. axb4 {[%emt 0:00:01]} Bf3 {[%emt 0:04:08]} 27. bxc5 {[%emt 0:00:14]} bxc5 {[%emt 0:00:01]} 28. Rb5 {[%emt 0:03:20]} Rc8 {[%emt 0:00:01]} 29. Reb1 {[%emt 0:03:03]} Bxg2 {[%emt 0:06:33]} 30. Kxg2 {[%emt 0:06:49]} Qe7 {[%emt 0:00:43]} 31. Rb6 {[%emt 0:01:35]} Bd6 {[%emt 0:00:09]} 32. Qc3 {[%emt 0:01:36]} h4 {[%emt 0:00:48]} 33. Rb7 {[%emt 0:00:22]} Rc7 {[%emt 0:00:14]} 34. Rb8 {[%emt 0:01:06]} hxg3 {[%emt 0:00:48]} 35. Bh6 {[%emt 0:01:13]} Rd8 {[%emt 0:00:32]} 36. Qg7+ {[%emt 0:00:35]} Qxg7 {[%emt 0:00:06]} 37. Rxd8+ {[%emt 0:00:03]} Bf8 {[%emt 0:00:54]} 38. Bxg7 {[%emt 0:00:12]} Kxg7 {[%emt 0:00:16]} 39. hxg3 {[%emt 0:00:47]} Ra7 {[%emt 0:00:35]} 40. Re1 {[%emt 0:00:44]} Be7 {[%emt 0:00:30]} 41. Rc8 {[%emt 0:00:12]} Bd6 {[%emt 0:00:38]} 42. Rc6 {[%emt 0:00:25]} Bf8 {[%emt 0:00:32]} 43. Rxe4 {[%emt 0:00:08]} Kh7 {[%emt 0:00:28]} 44. Re8 {[%emt 0:00:47]} Rf7 {[%emt 0:00:32]} 45. Ree6 {[%emt 0:00:53]} 1-0

[Event "IM Marmaris Karia VIII 2019"]
[Site "Marmaris"]
[Date "2019.07.29"]
[Round "7.4"]
[White "Yazici, Ugur Doga"]
[Black "Rzayev, Bahruz"]
[Result "0-1"]
[WhiteElo "2143"]
[BlackElo "2340"]
[Annotator "NA"]
[PlyCount "78"]
[EventDate "2019.07.29"]
[EventType "schev"]
[EventCountry "TUR"]
[SourceTitle "playchess.com"]
[Source "ChessBase"]
[SourceQuality "1"]
[TimeControl "5400+30"]

1. e4 {[%emt 0:00:30]} e5 {[%emt 0:00:30]} 2. Nf3 {[%emt 0:00:00]} Nc6 {[%emt 0:00:00]} 3. Bb5 {[%emt 0:00:00]} Nge7 {[%emt 0:00:00]} 4. Nc3 {[%emt 0:00:30]} a6 {[%emt 0:00:30]} 5. Bc4 {[%emt 0:03:30]} Ng6 {[%emt 0:03:30]} 6. d4 {[%emt 0:00:30]} exd4 {[%emt 0:10:30]} 7. Nxd4 {[%emt 0:00:30]} Bb4 {[%emt 0:09:30]} 8. O-O {[%emt 0:04:30]} Nge5 {[%emt 0:01:30]} 9. Be2 {[%emt 0:01:30]} d6 {[%emt 0:00:30]} 10. Be3 {[%emt 0:05:30]} Bxc3 {[%emt 0:01:30]} 11. bxc3 {[%emt 0:00:00]} Qh4 {[%emt 0:00:30]} 12. Nf5 {[%emt 0:05:00]} Bxf5 {[%emt 0:00:30]} 13. exf5 {[%emt 0:00:30]} Qe4 {[%emt 0:03:30]} 14. Rb1 {[%emt 0:00:30]} O-O-O {[%emt 0:00:30]} 15. Re1 {[%emt 0:08:30]} Rde8 {[%emt 0:13:30]} 16. Qc1 {[%emt 0:10:30]} Qxf5 {[%emt 0:02:30]} 17. Qb2 {[%emt 0:00:30]} Nd8 {[%emt 0:00:30]} 18. h3 {[%emt 0:07:30]} g5 {[%emt 0:02:30]} 19. Red1 {[%emt 0:05:30]} g4 {[%emt 0:04:30]} 20. hxg4 {[%emt 0:15:30]} Nxg4 {[%emt 0:00:00]} 21. Rd4 {[%emt 0:01:30]} Nxe3 {[%emt 0:00:00]} 22. fxe3 {[%emt 0:00:30]} Rhg8 {[%emt 0:01:30]} 23. Rf1 {[%emt 0:02:30]} Qg5 {[%emt 0:02:30]} 24. Bg4+ {[%emt 0:01:30]} Kb8 {[%emt 0:00:00]} 25. Qc1 {[%emt 0:03:30]} Rxe3 {[%emt 0:01:00]} 26. Rf5 {[%emt 0:00:30]} Qe7 {[%emt 0:00:30]} 27. Kf2 {[%emt 0:01:30]} Re8 {[%emt 0:01:30]} 28. Bf3 {[%emt 0:00:30]} Rxc3 {[%emt 0:00:30]} 29. Re4 {[%emt 0:01:30]} Qd7 {[%emt 0:00:30]} 30. Rxe8 {[%emt 0:00:30]} Qxe8 {[%emt 0:00:00]} 31. Qd2 {[%emt 0:00:30]} Ra3 {[%emt 0:01:00]} 32. Bd5 {[%emt 0:00:00]} Qb5 {[%emt 0:01:30]} 33. Qg5 {[%emt 0:01:00]} Qb6+ {[%emt 0:01:30]} 34. Ke2 {[%emt 0:00:30]} Ne6 {[%emt 0:00:30]} 35. Bxe6 {[%emt 0:01:52]} fxe6 {[%emt 0:01:30]} 36. Qg8+ {[%emt 0:00:03]} Ka7 {[%emt 0:00:00]} 37. Qxe6 {[%emt 0:00:04]} Qb1 {[%emt 0:01:00]} 38. Qc4 {[%emt 0:01:39]} Rxa2 {[%emt 0:00:30]} 39. Kd2 {[%emt 0:00:07]} Qb2 {[%emt 0:00:30]} 0-1

[Event "IM Marmaris Karia VIII 2019"]
[Site "Marmaris"]
[Date "2019.07.29"]
[Round "7.5"]
[White "Caputcuoglu, Zeki Berke"]
[Black "Maghalashvili, Davit"]
[Result "0-1"]
[WhiteElo "2010"]
[BlackElo "2485"]
[Annotator "ChessBase"]
[PlyCount "118"]
[EventDate "2019.07.29"]
[EventType "schev"]
[EventCountry "TUR"]
[SourceTitle "playchess.com"]
[Source "ChessBase"]
[SourceQuality "1"]
[TimeControl "5400+30"]

1. Nf3 {[%emt 0:00:30]} Nf6 {[%emt 0:00:30]} 2. d4 {[%emt 0:00:30]} d6 {[%emt 0:00:30]} 3. Nc3 {[%emt 0:00:30]} d5 {[%emt 0:02:30]} 4. Bf4 {[%emt 0:01:30]} c6 {[%emt 0:00:00]} 5. e3 {[%emt 0:01:30]} g6 {[%emt 0:00:00]} 6. h3 {[%emt 0:01:30]} Bg7 {[%emt 0:01:30]} 7. Bd3 {[%emt 0:02:30]} O-O {[%emt 0:01:30]} 8. O-O {[%emt 0:00:30]} c5 {[%emt 0:02:30]} 9. Ne5 {[%emt 0:06:30]} cxd4 {[%emt 0:00:30]} 10. exd4 {[%emt 0:00:30]} Qb6 {[%emt 0:00:30]} 11. Be2 {[%emt 0:07:30]} Nc6 {[%emt 0:03:30]} 12. Nxc6 {[%emt 0:01:30]} Qxc6 {[%emt 0:04:30]} 13. a4 {[%emt 0:04:30]} Bf5 {[%emt 0:01:30]} 14. Bb5 {[%emt 0:02:30]} Qc8 {[%emt 0:02:30]} 15. Re1 {[%emt 0:00:30]} Qd8 {[%emt 0:00:30]} 16. a5 {[%emt 0:00:30]} Rc8 {[%emt 0:00:30]} 17. a6 {[%emt 0:00:30]} b6 {[%emt 0:00:30]} 18. Qe2 {[%emt 0:10:30]} Ne4 {[%emt 0:10:30]} 19. Nxe4 {[%emt 0:00:30]} dxe4 {[%emt 0:03:30]} 20. c3 {[%emt 0:00:30]} h5 {[%emt 0:01:30]} 21. Rad1 {[%emt 0:01:30]} e6 {[%emt 0:02:30]} 22. Qe3 {[%emt 0:10:30]} Qe7 {[%emt 0:04:30]} 23. Bg5 {[%emt 0:14:30]} f6 {[%emt 0:03:30]} 24. Bf4 {[%emt 0:01:30]} g5 {[%emt 0:00:30]} 25. Bh2 {[%emt 0:00:30]} Rfd8 {[%emt 0:05:30]} 26. f3 {[%emt 0:02:30]} exf3 {[%emt 0:01:30]} 27. Qxf3 {[%emt 0:00:00]} Qf7 {[%emt 0:00:30]} 28. Qb7 {[%emt 0:07:00]} Bc2 {[%emt 0:01:30]} 29. Rd2 {[%emt 0:00:30]} Bb3 {[%emt 0:00:30]} 30. Bc6 {[%emt 0:01:30]} Bf8 {[%emt 0:06:30]} 31. Qxf7+ {[%emt 0:00:40]} Kxf7 {[%emt 0:00:30]} 32. Bb7 {[%emt 0:00:20]} Rc4 {[%emt 0:00:30]} 33. Rde2 {[%emt 0:00:30]} Ra4 {[%emt 0:01:30]} 34. Bc7 {[%emt 0:00:30]} Rd7 {[%emt 0:00:30]} 35. Bb8 {[%emt 0:02:05]} Bd5 {[%emt 0:01:30]} 36. Bh2 {[%emt 0:03:56]} Bxb7 {[%emt 0:01:30]} 37. axb7 {[%emt 0:00:01]} Rxb7 {[%emt 0:00:00]} 38. Rxe6 {[%emt 0:00:05]} Ra2 {[%emt 0:00:00]} 39. d5 {[%emt 0:03:30]} Rxb2 {[%emt 0:01:30]} 40. Rc6 {[%emt 0:00:45]} Bc5+ {[%emt 0:02:30]} 41. Kh1 {[%emt 0:00:05]} Re7 {[%emt 0:00:30]} 42. Rxe7+ {[%emt 0:03:39]} Kxe7 {[%emt 0:00:30]} 43. g4 {[%emt 0:00:01]} hxg4 {[%emt 0:01:30]} 44. hxg4 {[%emt 0:00:01]} a5 {[%emt 0:00:30]} 45. Rc7+ {[%emt 0:00:42]} Kd8 {[%emt 0:00:00]} 46. Ra7 {[%emt 0:00:19]} Rd2 {[%emt 0:00:00]} 47. c4 {[%emt 0:02:56]} Rd4 {[%emt 0:00:30]} 48. Bc7+ {[%emt 0:03:12]} Kc8 {[%emt 0:00:30]} 49. Bh2 {[%emt 0:01:03]} Rxc4 {[%emt 0:01:30]} 50. Rc7+ {[%emt 0:00:43]} Kd8 {[%emt 0:00:30]} 51. Rc6 {[%emt 0:00:10]} Rxg4 {[%emt 0:02:30]} 52. Rxf6 {[%emt 0:00:29]} a4 {[%emt 0:00:30]} 53. d6 {[%emt 0:02:53]} Rd4 {[%emt 0:01:30]} 54. Rf8+ {[%emt 0:00:26]} Kd7 {[%emt 0:00:00]} 55. Rf7+ {[%emt 0:00:36]} Ke8 {[%emt 0:00:00]} 56. Re7+ {[%emt 0:00:41]} Kd8 {[%emt 0:00:30]} 57. Ra7 {[%emt 0:01:21]} Bxd6 {[%emt 0:00:00]} 58. Bxd6 {[%emt 0:00:07]} Rxd6 {[%emt 0:00:00]} 59. Rxa4 {[%emt 0:00:04]} Kc7 {[%emt 0:00:30]} 0-1